000 00505nam a22001937a 4500
001 TVUNI
005 20260126014718.0
008 221111s2015 vm vie d
020 _c125000
040 _aTVUNI
_eAACR2
041 0 _avie
100 1 _aBùi, Văn Vần
245 1 0 _aGiáo trình tài chính doanh nghiệp /
_cBùi Văn Vần
260 _aHà Nội :
_bTài chính,
_c2015
300 _a630 tr. ;
_c24 cm.
942 _2ddc
_cBK
999 _c3421
_d3421
911 _a1
_bHiển Phạm
912 _a1
_bHiển Phạm